000 00481nam a2200193Ia 4500
003 GCL
008 140319s9999 xx 000 0 eng d
040 _aGCL /
_cGCL
082 0 4 _a005.3
_bO M
100 1 _aOUMURA, GEORGE
245 1 0 _aMASETRING AUTOCAD 13 FOR WINDOWS /
_cOUMURA, GEORGE
260 _a[S.N] :
_bSYBEX ،
_c1995
300 _a1248 P
650 0 4 _aCOMPUTER
650 0 4 _aWINDOWS
650 0 4 _aAUTOCAD 13
650 0 4 _aCOMPUTER - PROPGRAMME
942 _2ddc
_cBK
999 _c13690
_d13690